[Event "SWZ-ch"]
[Site "SWZ"]
[Date "1995.??.??"]
[Round "9"]
[White "Huss, Andreas"]
[Black "Landenbergue, Claude"]
[Result "1-0"]
[WhiteElo "2415"]
[BlackElo "2430"]

1.d4 Nf6 2.Nf3 g6 3.c4 Bg7 4.Nc3 O-O 5.e4 d6 6.Be2 e5 7.d5 a5 8.h3 Na6 9.Bg5 h6
10.Be3 Ne8 11.Qd2 Kh7 12.g4 f5 13.gxf5 gxf5 14.exf5 Bxf5 15.O-O-O Qe7 16.Rdg1 c6
17.Rg4 e4 18.Nd4 Bxd4 19.Qxd4 Nc5 20.Qd2 Bxg4 21.hxg4 Kg8 22.Rxh6 Ng7 23.dxc6 bxc6
24.Qxd6 Qxd6 25.Rxd6 Nge6 26.Rxc6 Rac8 27.Rd6 Kf7 28.Rd5 Rh8 29.Nb5 Rc6 30.Nd6+ Kf6
31.g5+ Ke7 32.Nf5+ Kf7 33.g6+ Kf6 34.g7 Ra8 35.Bd2 Rc7 36.Bc3+ Kg6 37.Nh4+ Kf7
38.Bh5+ Kg8 39.Nf5 Nd3+ 40.Rxd3 exd3 41.Bf3 Re8 42.Bd5 Kh7 43.g8=Q+ Kxg8
44.Nd4 Rce7 45.Kd2 Kf8 46.Nxe6+ Rxe6 47.Bxe6 Rxe6 48.Kxd3 a4 49.c5 Ke8 50.f4 Kd7
51.f5 Re8 52.Kc4 Kc6 53.b4 axb3 54.axb3 Re4+ 55.Bd4 Rf4 56.f6 Rf1 57.b4 Rc1+
58.Bc3 Rb1 59.Bd2 Rb2 60.Be3 Rb1 61.b5+ Rxb5 62.f7  1-0

[Event "AUS-ch"]
[Site "Sydney"]
[Date "1995.??.??"]
[Round "2"]
[White "Feldman, Vladimir"]
[Black "Curtis, Ry"]
[Result "1-0"]
[WhiteElo "2315"]
[BlackElo "2045"]

1.d4 Nf6 2.Nf3 g6 3.c4 Bg7 4.Nc3 d6 5.e4 O-O 6.Be2 e5 7.O-O Qe8 8.d5 a5 9.Bg5 h6
10.Bh4 Nh5 11.c5 dxc5 12.d6 c6 13.Be7 Nf4 14.Na4 Nd7 15.Rc1 b6 16.Re1 Kh7
17.Bxf8 Qxf8 18.Bf1 Ne6 19.a3 b5 20.Nc3 Nd4 21.a4 b4 22.Nb1 Qxd6 23.Nbd2 Nb6
24.Nxd4 cxd4 25.Qc2 Bb7 26.Nb3 Bf8 27.Nd2 Kg7 28.Nc4 Nxc4 29.Bxc4 Be7 30.Bb3 Rd8
31.Qc4 Qf6 32.Red1 c5 33.Re1 Ba6 34.Qc2 Qf4 35.g3 Qf3 36.Qd1 Qxd1 37.Rexd1 d3
38.Bc4 d2 39.Rc2 Bxc4 40.Rxc4  1-0

[Event "Tel Aviv ASA"]
[Site "Tel Aviv"]
[Date "1995.??.??"]
[Round "1"]
[White "Golod, Vitali"]
[Black "Sutovskij, Emil"]
[Result "0-1"]
[WhiteElo "2545"]
[BlackElo "2530"]

1.d4 Nf6 2.c4 g6 3.Nc3 Bg7 4.e4 d6 5.Be2 O-O 6.Nf3 Nbd7 7.O-O e5 8.Qc2 c6
9.Rd1 Qe7 10.d5 c5 11.g3 Ng4 12.Nh4 Nb6 13.Bd2 Bh6 14.Bxg4 Bxd2 15.Bxc8 Bxc3
16.Bxb7 Bxb2 17.Bxa8 Bxa1 18.Rxa1 Rxa8 19.Rb1 Rb8 20.Ng2 Qc7 21.Ne3 Nd7 22.Rb3 Rxb3
23.Qxb3 Qa5 24.Kf1 Qd2 25.Qc2 Qd4 26.Ke2 Nf6 27.Kf3 Qa1 28.Kg2 Qe1 29.Qd3 a5
30.a3 Qc1 31.h3 a4 32.Nf1 Nd7 33.Ne3 Nb6 34.h4 h5 35.Kf3 Qb2 36.Nd1 Qa2 37.Ne3 Kg7
38.Qc3 Qb3 39.Qc1 Qd3 40.Kg2 Qxe4+ 41.f3 Qd3 42.g4 Kh7 43.Kg3 f5 44.Nxf5 gxf5
45.Qg5 f4+ 46.Kf2 Qe3+ 47.Kg2 Qe2+ 48.Kg1 Qe1+  0-1

[Event "Tel Aviv ASA"]
[Site "Tel Aviv"]
[Date "1995.??.??"]
[Round "3"]
[White "Rechlis, Gad"]
[Black "Kanstler, Boris"]
[Result "0-1"]
[WhiteElo "2500"]
[BlackElo "2430"]

1.d4 d6 2.Nf3 g6 3.c4 Bg7 4.Nc3 Nf6 5.e4 O-O 6.Be2 e5 7.O-O exd4 8.Nxd4 Re8
9.f3 Nc6 10.Be3 Nh5 11.f4 Nf6 12.Bf3 Bg4 13.Nxc6 Bxf3 14.Qxf3 bxc6 15.Rae1 Qc8
16.Bd2 Qg4 17.Qf2 Qe6 18.b3 Nd7 19.Qf3 Nc5 20.f5 Qe5 21.f6 Bf8 22.Kh1 Qd4
23.Re2 Re6 24.Bg5 Rae8 25.Rd1 Qe5 26.Bh4 a5 27.Nd5 Rc8 28.Bg3 Qh5 29.Qxh5 gxh5
30.Nf4 Re5 31.Bf2 Rxe4 32.Rxe4 Nxe4 33.Bh4 Bh6 34.Nxh5 Re8 35.g4 Bg5 36.Be1 Re5
37.h4 Be3 38.Kg2 Bb6 39.Kf3 h6 40.a3 Kh7 41.b4 axb4 42.Bxb4 Nc3 43.Rd3 Na4
44.Rb3 Kg6 45.Bd2 Nc5 46.Rb1 Ne6 47.Nf4+ Nxf4 48.Bxf4 Re6 49.g5 hxg5 50.hxg5 Kf5
51.Rd1 Re5 52.Rh1 Ba5 53.Be3 Bb6 54.Bd2 Ba5 55.Bc1 Rc5 56.Rh4 Bc3 57.Re4 Be5
58.Bd2 d5 59.cxd5 cxd5 60.Re2 d4 61.a4 Bd6 62.Re4 Rc4 63.a5 Ra4 64.Re7 Ra2
65.Rxf7 Rxd2 66.Rd7 Rd3+ 67.Kf2 Ke6 68.g6 Kxd7 69.g7 Rg3 70.a6 Kc6  0-1

[Event "Tel Aviv ASA"]
[Site "Tel Aviv"]
[Date "1995.??.??"]
[Round "8"]
[White "Kanstler, Boris"]
[Black "Sutovskij, Emil"]
[Result "0-1"]
[WhiteElo "2430"]
[BlackElo "2530"]

1.d4 Nf6 2.c4 g6 3.Nc3 Bg7 4.e4 d6 5.Be2 O-O 6.Nf3 Nbd7 7.O-O e5 8.Re1 c6
9.Bf1 exd4 10.Nxd4 Re8 11.Bf4 Ne5 12.Qd2 Nh5 13.Bh6 Bxh6 14.Qxh6 Qf6 15.Qd2 Nf4
16.Re3 Qg5 17.Kh1 Nxc4 18.Nf3 Qg4 19.Qd1 Nxe3 20.fxe3 Ne6 21.Qxd6 Ng5 22.Nd2 Be6
23.h3 Rad8 24.Qh2 Qh4 25.Rd1 Qf2  0-1

[Event "JUG-chT"]
[Site "Tivat"]
[Date "1995.??.??"]
[Round "1"]
[White "Vasiljevic, Dragan"]
[Black "Zakic, Srdjan"]
[Result "1/2-1/2"]
[WhiteElo "2425"]
[BlackElo "2345"]

1.d4 Nf6 2.c4 g6 3.Nc3 Bg7 4.e4 d6 5.Nf3 O-O 6.Be2 e5 7.d5 a5 8.Bg5 h6 9.Bh4 Na6
10.Nd2 Bd7 11.O-O Qb8 12.Kh1 Nh7 13.a3 h5 14.f3 Bh6 15.b3 Nc5 16.Rb1 Be3
17.Qc2 Qa7 18.Nb5 Qb6 19.b4 axb4 20.axb4 Na4 21.Bd3 Bxb5 22.cxb5 Bd4 23.Nc4 Qa7
24.Na5 Nc3 25.Rb3 b6 26.Nc6 Qa1 27.Be1 Ra2 28.Nxd4 exd4 29.Bxc3 Qxf1+ 30.Bxf1 Rxc2
31.Bxd4 Rc1 32.Kg1 Ra8 33.Be3 Rc2 34.Rb1 Raa2 35.h4 Nf8 36.Bd4 Nd7 37.Kh2 Ne5
38.Kg3 Nc4 39.Re1 Kf8 40.Kf4 Ne5 41.Bxe5 dxe5+ 42.Kxe5 Ke7 43.Kf4 Rab2 44.Kg5 Rxb4
45.g4 hxg4 46.fxg4 Rb3 47.e5 Rbc3 48.Re4 Rc1 49.Rf4 Rc5 50.Kh6  1/2-1/2

[Event "JUG-chT"]
[Site "Tivat"]
[Date "1995.??.??"]
[Round "1"]
[White "Nikolic, Goran"]
[Black "Antic, Dejan"]
[Result "0-1"]
[WhiteElo "2355"]
[BlackElo "2380"]

1.d4 Nf6 2.c4 g6 3.Nc3 Bg7 4.e4 d6 5.Nf3 O-O 6.Be2 e5 7.Be3 Na6 8.O-O Ng4
9.Bg5 Qe8 10.d5 f5 11.Ne1 Nf6 12.f3 h6 13.Bd2 g5 14.Nd3 Qg6 15.Nf2 f4 16.b4 h5
17.c5 dxc5 18.Bxa6 bxa6 19.bxc5 g4 20.Kh1 Nh7 21.d6 c6 22.Qa4 Bd7 23.Rab1 g3
24.Nd3 Qf6 25.h3 Qh4  0-1

[Event "JUG-chT"]
[Site "Tivat"]
[Date "1995.??.??"]
[Round "1"]
[White "Blagojevic, Dragisa"]
[Black "Todorcevic, Miodrag"]
[Result "1-0"]
[WhiteElo "2460"]
[BlackElo "2465"]

1.d4 g6 2.c4 Bg7 3.Nf3 d6 4.Nc3 Nd7 5.e4 e5 6.Be2 Ngf6 7.O-O O-O 8.Re1 a6
9.Bf1 exd4 10.Nxd4 Re8 11.f3 Ne5 12.Bg5 h6 13.Be3 c5 14.Nc2 Be6 15.b3 g5
16.Qd2 Nh5 17.Rad1 Qf6 18.Nd5 Bxd5 19.Qxd5 g4 20.fxg4 Qh4 21.gxh5 Ng4 22.h3 Be5
23.Be2 Nf6 24.Qd3 Qg3 25.Kf1 Re6 26.Bf3 Rae8 27.Bg1 Qg5 28.Ne3 Bg3 29.Bf2 Bf4
30.Nd5 Nd7 31.Nxf4 Qxf4 32.Bg4  1-0

[Event "Tivat op"]
[Site "Tivat"]
[Date "1995.??.??"]
[Round "2"]
[White "Nikolov, Sasho"]
[Black "Djukanovic, Sreten"]
[Result "1-0"]
[WhiteElo "2370"]
[BlackElo "2230"]

1.d4 Nf6 2.c4 g6 3.Nc3 Bg7 4.e4 d6 5.Nf3 O-O 6.Be2 Nbd7 7.O-O e5 8.Qc2 Ng4
9.Rd1 exd4 10.Nxd4 Qh4 11.Bxg4 Qxg4 12.Ndb5 Ne5 13.Nd5 c6 14.Ne7+ Kh8 15.Nxc8 cxb5
16.Nxd6 bxc4 17.h3 Qe6 18.Be3 Rfd8 19.Nxb7 Rxd1+ 20.Rxd1 Rb8 21.Bxa7 Ra8
22.Bd4 Rxa2 23.f4 Nd3 24.Qc3 f6 25.Nd8 Qa6 26.e5 fxe5 27.Nf7+ Kg8 28.Nxe5 Nxf4
29.Qf3 g5 30.Bc3 Qa8 31.Nc6 Ra1 32.Kh2 Bxc3 33.bxc3 Kf7 34.Rd7+ Kf6 35.Qe4 Ne6
36.Qe5+  1-0

[Event "JUG-chT"]
[Site "Tivat"]
[Date "1995.??.??"]
[Round "2"]
[White "Nikcevic, Nebojsa"]
[Black "Ilincic, Zlatko"]
[Result "1/2-1/2"]
[WhiteElo "2470"]
[BlackElo "2555"]

1.Nf3 Nf6 2.c4 g6 3.Nc3 Bg7 4.e4 d6 5.d4 O-O 6.Be2 e5 7.O-O Na6 8.Re1 c6
9.Bf1 Bg4 10.d5 Nb4 11.Be2 a5 12.Be3 Nh5 13.a3 Na6 14.g3 Nf6 15.Nd2 Bd7 16.Rb1 Nc5
17.b3 Ne8 18.dxc6 Bxc6 19.b4 axb4 20.axb4 Na4 21.Nxa4 Bxa4 22.Qc1 f5 23.exf5 gxf5
24.Nf3 Qf6 25.Bg5 Qe6 26.b5 h6 27.Bd2 Nc7 28.Nh4 Qf6 29.Bf3 e4 30.Bh5 Ne6
31.Ng6 Rfc8 32.Bxh6 d5 33.Bxg7 Kxg7 34.Nf4 Nxf4 35.Qxf4 Rxc4 36.Be2 Rc3 37.Ra1 Rcc8
38.Rec1 Rxc1+ 39.Rxc1 Rf8 40.Rc7+ Rf7 41.b6 d4 42.Bc4 Re7 43.g4 Bd7 44.gxf5 Kf8
45.Rxb7 Rg7+ 46.Kf1 d3 47.Rb8+ Be8 48.Rxe8+ Kxe8 49.Qb8+ Ke7 50.Qa7+ Kd6
51.b7 Rg1+ 52.Kxg1 Qg5+  1/2-1/2

[Event "JUG-chT"]
[Site "Tivat"]
[Date "1995.??.??"]
[Round "2"]
[White "Jovicevic, Bozidar"]
[Black "Grujic, Zoran"]
[Result "1-0"]
[WhiteElo "2280"]
[BlackElo "2305"]

1.d4 Nf6 2.Nf3 g6 3.c4 Bg7 4.Nc3 O-O 5.e4 d6 6.Be2 e5 7.d5 a5 8.Bg5 h6 9.Bh4 Na6
10.Nd2 Qe8 11.O-O Nh7 12.a3 Bd7 13.Kh1 h5 14.f3 Bh6 15.Qc2 f5 16.exf5 gxf5
17.b3 Kh8 18.Rab1 Qg6 19.Nd1 Rg8 20.Rg1 c6 21.dxc6 bxc6 22.Bf2 Nc5 23.b4 axb4
24.axb4 Ne6 25.Nb3 Nf4 26.Bf1 h4 27.Nc3 Qh5 28.Qd1 Rg6 29.b5 Ng5 30.b6 Bc8
31.Nc1 Bb7 32.Nd3 Nge6 33.Nxf4 Nxf4 34.c5 d5 35.Qe1 Bg7 36.Bxh4 Ne6 37.Be7 f4
38.h3 Re8 39.Bd6 Nd4 40.Ne2 Ne6 41.Ra1 Bf6 42.Ra7 Rg7 43.Nc1 Reg8 44.Rxb7 Rxb7
45.Nd3 Rg5 46.Nf2 Be7 47.Ba6 Bxd6 48.Bxb7 Bxc5 49.Bc8 Qe8 50.b7 Bd6 51.Ng4 Nd4
52.Nf6 Qg6 53.Qh4+ Kg7 54.Ne8+ Qxe8 55.Qxg5+ Qg6 56.Qxg6+ Kxg6 57.Rb1 Bb8
58.Ra1 e4 59.fxe4 dxe4 60.Ra8 e3 61.Bg4 f3 62.Bxf3 Nxf3 63.Rxb8  1-0

[Event "Tivat op"]
[Site "Tivat"]
[Date "1995.??.??"]
[Round "2"]
[White "Poluljahov, Aleksandr"]
[Black "Dujkovic, Sinisa"]
[Result "1-0"]
[WhiteElo "2450"]
[BlackElo "2315"]

1.Nf3 Nf6 2.c4 g6 3.Nc3 Bg7 4.e4 d6 5.d4 O-O 6.Be2 e5 7.d5 a5 8.h3 Na6 9.Bg5 Qe8
10.Nd2 h6 11.Be3 Bd7 12.g4 Nc5 13.h4 Bxg4 14.Bxg4 Nd3+ 15.Ke2 Nxb2 16.Qb3 Nxg4
17.Qxb2 f5 18.f3 Nxe3 19.Kxe3 f4+ 20.Kd3 b6 21.Rag1 Kh7 22.h5 gxh5 23.Qb5 Qf7
24.Qc6 Bf6 25.Nb5 Rac8 26.a4 Rfd8 27.c5 dxc5 28.Nc4 h4 29.Rg4 Qe7 30.Rhxh4 Rg8
31.Rh5 Rxg4 32.fxg4 Qg7 33.Qe6 Rf8 34.Nxe5 Bxe5 35.g5 Rf7 36.Rxh6+ Kg8 37.Rg6  1-0

[Event "JUG-chT"]
[Site "Tivat"]
[Date "1995.??.??"]
[Round "3"]
[White "Simic, Radoslav"]
[Black "Tseshkovsky, Vitaly"]
[Result "1/2-1/2"]
[WhiteElo "2500"]
[BlackElo "2540"]

1.Nf3 g6 2.d4 Bg7 3.c4 d6 4.Nc3 Nd7 5.e4 e5 6.Be2 Ngf6 7.O-O O-O 8.d5 Nc5
9.Qc2 a5 10.Bg5 h6 11.Be3 b6 12.Nd2 h5 13.Bg5 Qe8 14.Nb5 Na6 15.f3 Nh7 16.Bh4 f5
17.exf5 Bxf5 18.Ne4 g5 19.Be1 Nf6 20.Bd3 Nxe4 21.fxe4 Bd7 22.Rxf8+ Qxf8 23.Bd2 Qe7
24.Rf1 g4 25.a3 Rf8 26.b4 axb4 27.axb4 Rxf1+ 28.Bxf1 Qf8 29.Qa4 Bh6 30.Bxh6 Qxh6
31.Qxa6 Qe3+ 32.Kh1 Qe1 33.Kg1  1/2-1/2

[Event "Tivat op"]
[Site "Tivat"]
[Date "1995.??.??"]
[Round "4"]
[White "Marcetic, Nikola"]
[Black "Pikula, Dejan"]
[Result "0-1"]
[WhiteElo "2295"]
[BlackElo "2450"]

1.d4 Nf6 2.c4 g6 3.Nc3 Bg7 4.e4 d6 5.Nf3 O-O 6.Be2 e5 7.Be3 Ng4 8.Bg5 f6
9.Bc1 Nc6 10.h3 Nh6 11.dxe5 dxe5 12.Qxd8 Nxd8 13.Be3 c6 14.O-O Nhf7 15.Rfd1 f5
16.a4 Ne6 17.b4 f4 18.Bc1 Nd4 19.Nd2 Rd8 20.Bg4 Bxg4 21.hxg4 Rd7 22.Bb2 Rad8
23.Kf1 Nc2 24.Nb3 Nxa1 25.Rxd7 Rxd7 26.Bxa1 Bf8 27.c5 b6 28.b5 bxc5 29.bxc6 Rc7
30.Na5 Rc8 31.Nd5 Bd6 32.c7 Kf8 33.Nc6 Bxc7 34.Nxa7 Ra8 35.Nxc7 Rxa7 36.Ne6+ Ke7
37.Nxc5 Kd6 38.Nd3 Rxa4 39.Bb2 Rxe4 40.f3 Re3 41.Nf2 Rb3 42.Ne4+ Kd5 43.Bc1 Nd6  0-1

[Event "JUG-chT (Women)"]
[Site "Tivat"]
[Date "1995.??.??"]
[Round "4"]
[White "Alexandria, Nana"]
[Black "Peng, Zhaoqin"]
[Result "1-0"]
[WhiteElo "2350"]
[BlackElo "2355"]

1.c4 Nf6 2.Nf3 g6 3.Nc3 Bg7 4.e4 d6 5.d4 O-O 6.Be2 Na6 7.O-O e5 8.Be3 Ng4
9.Bg5 f6 10.Bh4 Qe8 11.a3 Nh6 12.Re1 Kh8 13.Rc1 exd4 14.Nxd4 Nc5 15.Bg3 Qf7
16.b4 Ne6 17.Ncb5 a6 18.Nxe6 Bxe6 19.Nd4 Rae8 20.c5 dxc5 21.Rxc5 Re7 22.Nxe6 Qxe6
23.Rxc7 Rxc7 24.Bxc7 f5 25.Bf3 fxe4 26.Rxe4 Qa2 27.a4 b5 28.axb5 axb5 29.Be5 Nf5
30.Be2 Bxe5 31.Rxe5 Qb2 32.Re4 Qf6 33.g3 Rd8 34.Qe1 Ra8 35.Bf1 Kg7 36.Re6 Qd4
37.Qe5+ Kh6 38.Qxf5  1-0

[Event "JUG-chT"]
[Site "Tivat"]
[Date "1995.??.??"]
[Round "4"]
[White "Laketic, Gojko"]
[Black "Damljanovic, Branko"]
[Result "1-0"]
[WhiteElo "2420"]
[BlackElo "2555"]

1.d4 Nf6 2.c4 g6 3.Nc3 Bg7 4.e4 d6 5.Nf3 O-O 6.Be2 e5 7.d5 a5 8.Bg5 h6 9.Bh4 Na6
10.Nd2 Bd7 11.O-O Qe8 12.Rb1 Nh7 13.b3 h5 14.f3 Bh6 15.a3 Be3+ 16.Bf2 Bxf2+
17.Rxf2 Nf6 18.Qc1 Qe7 19.b4 axb4 20.axb4 c5 21.bxc5 Nxc5 22.Nb3 b6 23.Bf1 Kg7
24.Na1 Rfb8 25.Rfb2 Qd8 26.Nc2 h4 27.Qg5 h3 28.g3 Qc7 29.Qe3 Rb7 30.Nd1 Na4
31.Ra2 Ra5 32.Nf2 Rba7 33.Rb4 Qc8 34.Ra3 b5 35.f4 bxc4 36.fxe5 dxe5 37.Rxc4 Rc7
38.Rxc7 Qxc7 39.Nb4 Qc8 40.Nbd3 Qb8 41.Qg5 Qb6 42.Qxe5 Kg8 43.Qf4 Kg7 44.Ne5 Ra7
45.Rf3 Nc5 46.Nc4 Qd8 47.e5  1-0

[Event "JUG-chT"]
[Site "Tivat"]
[Date "1995.??.??"]
[Round "6"]
[White "Zvjaginsev, Vadim"]
[Black "Nevednichy, Vladislav"]
[Result "1/2-1/2"]
[WhiteElo "2600"]
[BlackElo "2480"]

1.d4 Nf6 2.c4 g6 3.Nc3 Bg7 4.e4 O-O 5.Nf3 d6 6.Be2 e5 7.d5 a5 8.h3 Na6 9.Bg5 h6
10.Be3 Nc5 11.Nd2 Nh7 12.h4 h5 13.Nb3 b6 14.f3 f5 15.Nxc5 bxc5 16.Qc2 Nf6
17.Bd3 f4 18.Bf2 Bd7 19.Be2 Qe7 20.O-O-O Rfb8 21.Be1 a4 22.Rd3 Qe8 23.Nd1 Kh7
24.Ra3 c6 25.dxc6 Bxc6 26.Nc3 Nd7 27.Nb5 Bxb5 28.cxb5 Nb6 29.Kb1 Qe7 30.Bf2 Bf6
31.Qd2 Rd8 32.g4 fxg3 33.Bxg3 Bg7  1/2-1/2

[Event "JUG-chT"]
[Site "Tivat"]
[Date "1995.??.??"]
[Round "8"]
[White "Nikolic, Goran"]
[Black "Todorcevic, Miodrag"]
[Result "0-1"]
[WhiteElo "2355"]
[BlackElo "2465"]

1.d4 g6 2.c4 Bg7 3.Nf3 d6 4.Nc3 Nd7 5.e4 e5 6.Be2 Ngf6 7.O-O O-O 8.Be3 a6
9.dxe5 dxe5 10.b4 b6 11.Qc2 Bb7 12.Rfd1 Qe7 13.Rab1 a5 14.a3 axb4 15.axb4 c6
16.Nd2 Ne8 17.c5 b5 18.Nb3 Nb8 19.Na5 Bc8 20.Qd2 Be6 21.Bg5 f6 22.Be3 Qf7
23.f3 Nc7 24.Qc1 Nca6 25.Qb2 Rc8 26.Ra1 Bf8 27.Ra3 Ra7 28.Rda1 Nc7 29.Rd1 Qe8
30.Rd6 Nca6 31.Nxc6 Nxc6 32.Bxb5 Bxd6 33.cxd6 Raa8 34.Bxa6 Rcb8 35.Bc5 Nd4
36.b5 Kg7 37.b6 Qc6 38.Qb4 Nc2 39.Qb5 Qxb5 40.Nxb5 Nxa3 41.Nc7 Rxa6 42.Nxa6 Rb7
43.Bxa3 Rxb6 44.Nc7 Kf7 45.Kf2 Rb3 46.Bc5 Rc3 47.Bb4 Rc4 48.Ba3 f5 49.exf5 gxf5  0-1

[Event "JUG-chT"]
[Site "Tivat"]
[Date "1995.??.??"]
[Round "8"]
[White "Laketic, Gojko"]
[Black "Popovic, Petar"]
[Result "1/2-1/2"]
[WhiteElo "2420"]
[BlackElo "2555"]

1.d4 Nf6 2.c4 g6 3.Nc3 Bg7 4.e4 d6 5.Nf3 O-O 6.Be2 e5 7.d5 a5 8.Bg5 h6 9.Bh4 Na6
10.Nd2 Bd7 11.O-O Qe8 12.Rb1 Nh7 13.Kh1 h5 14.f3 Bf6 15.Bxf6 Nxf6 16.Nb3 b6
17.Nc1 h4 18.b3 Nh5 19.a3 Qe7 20.Qd2 Kg7 21.Rf2 c5 22.dxc6 Bxc6 23.b4 axb4
24.axb4 Nc7 25.Qe3 Rfb8 26.Nd5  1/2-1/2

[Event "JUG-chT"]
[Site "Tivat"]
[Date "1995.??.??"]
[Round "9"]
[White "Zvjaginsev, Vadim"]
[Black "Beliavsky, Alexander G"]
[Result "0-1"]
[WhiteElo "2600"]
[BlackElo "2650"]

1.d4 Nf6 2.c4 g6 3.Nc3 Bg7 4.e4 d6 5.Be2 O-O 6.Nf3 e5 7.d5 a5 8.h3 Nh5 9.Nd2 Nf4
10.Bf1 Na6 11.g3 Nh5 12.Nb3 c6 13.Be3 Bd7 14.a4 Nb4 15.Rc1 Qe7 16.c5 cxd5
17.cxd6 Qd8 18.Nxd5 Nxd5 19.Qxd5 Nf6 20.Qd3 Bxa4 21.Nc5 Bc6 22.Bg2 Qb8 23.f4 Nh5
24.Bf3 Rd8 25.Bxh5 Rxd6 26.Qc4 gxh5 27.O-O Qe8 28.fxe5 Rg6 29.Rf5 Bxe5 30.g4 hxg4
31.h4 Rd8 32.h5 Rgd6 33.Qe2 Kh8 34.Qxg4 f6 35.Bf4 Qg8 36.Qxg8+ Rxg8+ 37.Kf2 Bxf4
38.Rxf4 b6 39.Nb3 Be8 40.Rc4 Bxh5 41.Nd4 Bg6 42.Nf3 Re8 43.Nh4 Kg8 44.Rc7 Rde6
45.Nxg6 hxg6 46.Kf3 R8e7 47.Rc8+ Kg7 48.Rh4 Re8 49.Rc7+ R6e7 50.Rc6 g5  0-1

[Event "JUG-chT (Women)"]
[Site "Tivat"]
[Date "1995.??.??"]
[Round "9"]
[White "Borsuk, Angela"]
[Black "Vasilevich, Tatjana"]
[Result "1/2-1/2"]
[WhiteElo "2240"]
[BlackElo "2215"]

1.d4 Nf6 2.c4 g6 3.Nc3 Bg7 4.e4 d6 5.Nf3 O-O 6.Be2 e5 7.dxe5 dxe5 8.Qxd8 Rxd8
9.Bg5 Nbd7 10.Rd1 Rf8 11.O-O c6 12.h3 h6 13.Be3 Re8 14.Rd2  1/2-1/2

[Event "JUG-chT"]
[Site "Tivat"]
[Date "1995.??.??"]
[Round "9"]
[White "Stojanovic, Mihajlo"]
[Black "Milovanovic, Nenad"]
[Result "1-0"]
[WhiteElo "2390"]
[BlackElo "2220"]

1.d4 Nf6 2.c4 g6 3.Nc3 Bg7 4.e4 d6 5.Nf3 O-O 6.Be2 e5 7.Be3 c6 8.dxe5 dxe5
9.Qxd8 Rxd8 10.Nxe5 Nxe4 11.Nxe4 Bxe5 12.Bg5 Re8 13.Nf6+ Bxf6 14.Bxf6 Bf5
15.Rd1 Nd7 16.Bd4 Re4 17.f3 Re7 18.Kf2 Rae8 19.Rhe1 c5 20.Bc3 h5 21.h3 h4
22.f4 Be4 23.Bf3 f5 24.Bxe4 fxe4 25.Rd6 Nf8 26.Ke3 Rf7 27.Red1 Kh7 28.Rd8 Ree7
29.Rc8 g5 30.fxg5 Nd7 31.Rd6  1-0

[Event "Tivat op"]
[Site "Tivat"]
[Date "1995.??.??"]
[Round "9"]
[White "Stojanovic, Mihajlo"]
[Black "Poluljahov, Aleksandr"]
[Result "1-0"]
[WhiteElo "2355"]
[BlackElo "2450"]

1.d4 Nf6 2.Nf3 d6 3.c4 g6 4.Nc3 Bg7 5.e4 O-O 6.Be2 e5 7.Be3 h6 8.O-O Ng4
9.Bc1 Nc6 10.d5 Ne7 11.Ne1 f5 12.Bxg4 fxg4 13.Be3 g5 14.f3 gxf3 15.Rxf3 Rxf3
16.Qxf3 Ng6 17.g3 Nf8 18.Ng2 Nh7 19.Rf1 Qe7 20.Bd2 g4 21.Qf2 Bf6 22.Bxh6 Bg5
23.Bxg5 Nxg5 24.Kh1 Nf3 25.h4 Bd7 26.Ne1 Nd4 27.Kg2 a6 28.Qe3 b5 29.b3 Rb8
30.cxb5 axb5 31.Ne2 c5 32.dxc6 Bxc6 33.Kg1 Ne6 34.Nd3 Rf8 35.Rxf8+ Qxf8 36.Nf2 Qf3
37.Qh6 Kf7 38.Qh5+ Ke7 39.Qxg4 Qxg4 40.Nxg4 Bxe4 41.Nc3 Bc6 42.a4 bxa4 43.bxa4 e4
44.h5 d5 45.h6 Ng5 46.Ne3 Ke6 47.Nexd5 Bxd5 48.Nxd5 Kxd5 49.a5 Kc5 50.Kf2 Kb5
51.Ke3 Kxa5 52.Kf4 Kb4 53.Kxg5 e3 54.h7 e2 55.h8=Q e1=Q 56.Qb2+ Ka4 57.Qd4+ Ka3
58.g4 Qe7+ 59.Kf5 Qh7+ 60.Kf4 Qh2+ 61.Ke4 Qh1+ 62.Kd3 Qd1+ 63.Kc4 Qa4+ 64.Kc3 Qc6+
65.Qc4 Qf6+ 66.Kd2 Qh6+ 67.Ke2 Qh2+ 68.Kf1 Qh3+ 69.Ke1 Qh1+ 70.Kf2 Qh2+ 71.Kf3 Qh3+
72.Kf4 Qh6+ 73.Kg3 Qe3+ 74.Kg2 Qd2+ 75.Kf3 Qd1+ 76.Qe2 Qd5+ 77.Kf2 Kb4 78.Qf3 Qe5
79.Qe3 Qh2+ 80.Kf3 Qh3+ 81.Kf4 Qh2+ 82.Kg5 Qh8 83.Qe7+ Ka4 84.Kf4 Qh2+ 85.Kf5 Qf2+
86.Kg6 Qc2+ 87.Kh6 Qh2+ 88.Kg7 Qb2+ 89.Qf6 Qb7+ 90.Kh6 Qh1+ 91.Kg6 Qe4+ 92.Qf5 Qe8+
93.Kg5 Qd8+ 94.Kf4 Qd2+ 95.Kg3 Qe1+ 96.Qf2 Qc3+ 97.Qf3 Qe1+ 98.Kh3 Qe6 99.Qf4+ Ka3
100.Kh4 Qe7+ 101.g5 Ka2 102.Kh3  1-0

[Event "JUG-chT"]
[Site "Tivat"]
[Date "1995.??.??"]
[Round "10"]
[White "Miladinovic, Igor"]
[Black "Nevednichy, Vladislav"]
[Result "1/2-1/2"]
[WhiteElo "2555"]
[BlackElo "2480"]

1.d4 Nf6 2.c4 g6 3.Nc3 Bg7 4.e4 O-O 5.Nf3 d6 6.Be2 Nbd7 7.O-O e5 8.d5 Nc5
9.Qc2 a5 10.Bg5 Qd7 11.Nd2 h6 12.Be3 Qe7 13.a3 a4 14.Bxc5 dxc5 15.Nxa4 h5
16.Rfd1 Bh6 17.Nc3 Ne8 18.Nf1 b6 19.Nb5 Bd7 20.Nxc7 Ba4 21.b3 Bxb3 22.Qxb3 Qxc7
23.Rab1 Rb8 24.Qb2 Bg7 25.Rd3 Nd6 26.Nd2 Rb7 27.Rb3 Rfb8 28.Qc2 Bh6 29.Nf3 Bg7
30.R1b2 Ra8 31.Nd2 Ra6 32.Nb1 Qd8 33.Nc3 Bf8 34.a4 Nc8 35.Qb1 Nd6 36.g3 Nc8
37.h4 Bd6 38.Rb5 Na7 39.R5b3 Nc8 40.Kg2 Bf8 41.Ra2 Ra5 42.Bd3 Bg7 43.Nb5 Bf8
44.Qe1 Ra6 45.f4 Bg7 46.f5 Nd6 47.Nxd6 Qxd6 48.Bc2 Bf6 49.Bd1 Rba7 50.Rf3 g5
51.hxg5 Bxg5 52.f6 Bxf6 53.Rf5 Bg7 54.Raf2 h4 55.gxh4 Qh6 56.Bh5 f6 57.Be8 Qxh4
58.Qe2 Bh6 59.Qd3 Bg5 60.d6 Rh7 61.Kf1 Qh1+ 62.Ke2 Qh5+ 63.Qf3 Qxf3+ 64.R5xf3 Rh4
65.Bc6 Kf7 66.Rd3 Rh8 67.Kf1 Rd8 68.Rh2 f5 69.exf5 e4 70.Rd5 b5 71.Rh7+ Kf6
72.Bxb5 Raxd6 73.a5 Rxd5 74.cxd5 Rxd5 75.a6 Rd1+ 76.Ke2 Rd2+ 77.Ke1 Ra2 78.Bc4 Ra1+
79.Ke2 Ke5 80.Rd7 Kxf5 81.Rb7 Bf6 82.a7 Bd4 83.Re7 Bf6 84.Rd7 Ke5 85.Bd5 Bd8
86.Kf2 Bh4+  1/2-1/2

[Event "JUG-chT (Women)"]
[Site "Tivat"]
[Date "1995.??.??"]
[Round "11"]
[White "Peng, Zhaoqin"]
[Black "Vasilevich, Tatjana"]
[Result "1-0"]
[WhiteElo "2355"]
[BlackElo "2215"]

1.d4 Nf6 2.c4 g6 3.Nc3 Bg7 4.e4 d6 5.Nf3 O-O 6.Be2 e5 7.d5 a5 8.Bg5 Na6 9.Nd2 Qe8
10.a3 Bd7 11.b3 Kh8 12.O-O Ng8 13.Rb1 Bh6 14.Bxh6 Nxh6 15.b4 axb4 16.axb4 Qe7
17.Qc2 f5 18.Qb2 f4 19.c5 dxc5 20.Bxa6 bxa6 21.bxc5 f3 22.Nxf3 Rxf3 23.gxf3 Bh3
24.Ne2 Qg5+ 25.Ng3 Qf4 26.Qc3 Bxf1 27.Kxf1 Nf7 28.Rb7 Ng5 29.Qe3 Qh4 30.Qb3 Rf8
31.Rb8 Qh6 32.Ke2 Nh3 33.c6 Ng1+ 34.Kd1 Nxf3 35.Qb4 Rg8 36.Rxg8+ Kxg8 37.Qb8+ Kf7
38.Qxc7+ Kf8 39.Qd6+ Kf7 40.Qe6+ Kg7 41.Nf5+  1-0

[Event "JUG-chT"]
[Site "Tivat"]
[Date "1995.??.??"]
[Round "11"]
[White "Jovic, Aleksandar"]
[Black "Ristic, Nebojsa"]
[Result "1/2-1/2"]
[WhiteElo "2360"]
[BlackElo "2400"]

1.Nf3 Nf6 2.c4 g6 3.Nc3 Bg7 4.e4 d6 5.d4 O-O 6.Be2 e5 7.O-O exd4 8.Nxd4 Re8
9.f3 c6 10.Kh1 Nh5 11.g4 Nf6 12.Nc2 h5 13.g5 Nh7 14.Rg1 Na6 15.Bf4 Be5 16.Be3 Nc7
17.Qd2 Qe7 18.Bd3 Bg7 19.f4 b5 20.f5 Be5 21.cxb5 cxb5 22.Nxb5 Nxb5 23.fxg6 fxg6
24.Bxb5 Rf8 25.Nd4 Bg4 26.Bc4+ Kh8 27.Be2 Bxe2 28.Nxe2 Rac8 29.Nc3 Rf3 30.Raf1 Rcf8
31.Rxf3 Rxf3 32.Kg2 Rf8 33.Rf1 Qe6 34.Qe2 Rxf1 35.Kxf1 Qh3+ 36.Ke1 Bxh2 37.Nd5 Be5
38.Qb5 Qh1+ 39.Kd2 Qg2+ 40.Kc1 Nf8 41.Qb8 Bg7 42.Nf6 h4 43.Qxd6 h3 44.Qf4 Nh7
45.Qb8+ Nf8 46.Qf4  1/2-1/2

[Event "P&V Cup"]
[Site "Tjalfe"]
[Date "1995.??.??"]
[Round "?"]
[White "Olsen, Heini"]
[Black "Borge, Nikolaj"]
[Result "1/2-1/2"]
[WhiteElo "2355"]
[BlackElo "2405"]

1.d4 Nf6 2.c4 g6 3.Nc3 Bg7 4.e4 d6 5.Nf3 O-O 6.Be2 e5 7.d5 a5 8.Bg5 h6 9.Bh4 Na6
10.Nd2 Bd7 11.O-O Nc5 12.Rc1 Qe8 13.b3 Nh7 14.a3 h5 15.f3 Bh6 16.Be1 f5 17.b4 Na6
18.Rb1 Be3+ 19.Kh1 axb4 20.axb4 f4 21.Qc2 Bd4 22.Nd1 Ba4 23.Nb3 Nb8 24.Nc3 Be3
25.Nxa4 Rxa4 26.Na5 b6 27.Bd1 Ra3 28.Qb2 Rd3 29.Be2 Bd4 30.Qa2 Re3 31.Nb3 Nf6
32.Bf2 h4 33.Rbd1 Nh5 34.Nxd4 exd4 35.Kg1 Ng3 36.Rfe1 Qe5 37.h3 c5 38.dxc6 Nxc6
39.c5+ Kh8 40.Bxe3 fxe3 41.cxb6 Nh5 42.Kh1 Ng3+ 43.Kg1 Nh5 44.Kh1 Ng3+ 45.Kg1  1/2-1/2

[Event "P&V Cup"]
[Site "Tjalfe"]
[Date "1995.??.??"]
[Round "?"]
[White "Brynell, Stellan"]
[Black "Ahlander, Bjorn"]
[Result "1-0"]
[WhiteElo "2435"]
[BlackElo "2400"]

1.d4 Nf6 2.c4 g6 3.Nc3 Bg7 4.e4 d6 5.Nf3 O-O 6.Be2 e5 7.O-O Nbd7 8.Re1 c6
9.Bf1 exd4 10.Nxd4 Re8 11.f3 Nh5 12.Be3 Ne5 13.Qd2 Qe7 14.Rad1 Qf8 15.b3 Bd7
16.Nde2 Re6 17.Nd4 Ree8 18.Nde2 Re6 19.h3 f5 20.f4 Nf7 21.e5 g5 22.fxg5 Bxe5
23.Nd4 Rg6 24.Nce2 f4 25.Nxf4 Nxf4 26.Bxf4 Bxf4 27.Qxf4 Nxg5 28.Qxf8+ Rxf8
29.Kh1 c5 30.Re7 Rg7 31.Rxg7+ Kxg7 32.Nc2 Rf2 33.Ne3 Ne4 34.Bd3 Nc3 35.Re1 Bc6
36.a4 Rd2 37.Bf1 Ne4 38.Kg1 Ng3 39.Rd1 Nxf1 40.Rxf1 Re2 41.Nf5+ Kg6 42.Nh4+ Kh5
43.g3 Re3 44.Rf5+ Kh6 45.g4 Rxb3 46.Rh5+ Kg7 47.Nf5+ Kf6 48.Nxd6 Rd3 49.Nc8 a6
50.a5 Ra3 51.Rxh7 Rxa5 52.Ne7 Be4 53.Nd5+ Kg5 54.Rh5+ Kg6 55.Re5 Bc2 56.h4 b5
57.cxb5 axb5 58.Nf4+ Kf6 59.Rxc5 Ra1+ 60.Kf2 Ba4 61.g5+ Ke7 62.g6 Ra2+ 63.Kg3 Ra3+
64.Kg4 b4 65.Re5+ Kf8 66.Ne6+ Ke7 67.g7 Bd1+ 68.Kf4 Rf3+ 69.Ke4 Kf7 70.Ng5+ Kxg7
71.Nxf3 b3 72.Rb5 Kh6 73.Nd4 b2 74.Rxb2 Kh5 75.Kf4 Ba4 76.Nf5 Bd1 77.Rb6 Be2
78.Rh6+  1-0